| 000 | 00358nam a2200145Ia 4500 | ||
|---|---|---|---|
| 100 | _aChandra/A.M/ Ghosh/S.K | ||
| 650 | _aREmote sensing | ||
| 942 | _cBK | ||
| 366 | _f25 | ||
| 654 | _aremote sensing | ||
| 245 | _aRemote sensing and geographical information systems | ||
| 260 |
_bNarosa _c2015 |
||
| 082 |
_a621.367 _bCHA |
||
| 546 |
_aENGLISH _celectronics |
||
| 999 |
_c20380 _d20380 |
||